<?xml version="1.0" encoding="UTF-8"?><collection xmlns="info:lc/xmlns/marcxchange-v2"><record format="Unimarc" type="bibliographic"><leader>00657cam  2200229   450 </leader><controlfield tag="001">1702999</controlfield><controlfield tag="003">http://id.bnportugal.gov.pt/bib/porbase/1702999</controlfield><controlfield tag="005">20030628004800.0</controlfield><datafield ind1=" " ind2=" " tag="010"><subfield code="a">0-521-43321-5</subfield><subfield code="b">hardback</subfield></datafield><datafield ind1=" " ind2=" " tag="035"><subfield code="9">59728</subfield></datafield><datafield ind1=" " ind2=" " tag="095"><subfield code="a">PTBN00974165</subfield></datafield><datafield ind1=" " ind2=" " tag="100"><subfield code="a">19940722d1993    km y0pory0103    ba</subfield></datafield><datafield ind1="0" ind2=" " tag="101"><subfield code="a">eng</subfield></datafield><datafield ind1=" " ind2=" " tag="102"><subfield code="a">US</subfield></datafield><datafield ind1="1" ind2=" " tag="200"><subfield code="a">Adorno's aesthetics of music</subfield><subfield code="f">Max Paddison</subfield></datafield><datafield ind1=" " ind2=" " tag="210"><subfield code="a">Cambridge</subfield><subfield code="c">University Press</subfield><subfield code="d">1993</subfield></datafield><datafield ind1=" " ind2=" " tag="215"><subfield code="a">XII, 378 p.</subfield><subfield code="d">24 cm</subfield></datafield><datafield ind1=" " ind2=" " tag="675"><subfield code="a">1 Adorno, Th. W.</subfield><subfield code="v">2</subfield><subfield code="z">por</subfield><subfield code="3">1363919</subfield></datafield><datafield ind1=" " ind2=" " tag="675"><subfield code="a">78.01</subfield><subfield code="v">2</subfield><subfield code="z">por</subfield><subfield code="3">829343</subfield></datafield><datafield ind1=" " ind2="1" tag="700"><subfield code="a">Paddison</subfield><subfield code="b">Max</subfield><subfield code="3">865886</subfield></datafield><datafield ind1=" " ind2="0" tag="801"><subfield code="a">PT</subfield><subfield code="b">BN</subfield><subfield code="g">RPC</subfield></datafield><datafield ind1=" " ind2=" " tag="930"><subfield code="l">UCJPII</subfield><subfield code="d">1 ADRN PAD</subfield></datafield><datafield ind1=" " ind2=" " tag="977"><subfield code="1">1 ADRN PAD</subfield><subfield code="2">coop</subfield><subfield code="4">UCJPII</subfield><subfield code="6">efalt265820</subfield><subfield code="7">bc</subfield><subfield code="8">coop</subfield><subfield code="9">UCJPII</subfield><subfield code="b">94-3307</subfield><subfield code="k">0</subfield></datafield><datafield ind1=" " ind2=" " tag="998"><subfield code="a">JP121-325</subfield></datafield></record></collection>